书目信息 |
| 题名: |
生物超分子体系
|
|
| 作者: | 李惟 编著 | |
| 分册: | ||
| 出版信息: | 北京 化学工业出版社 2003.01 |
|
| 页数: | 252页 | |
| 开本: | 20cm | |
| 丛书名: | ||
| 单 册: | ||
| 中图分类: | Q71 | |
| 科图分类: | ||
| 主题词: | 高聚物--生物结构 , 高聚物--生物--功能 | |
| 电子资源: | ||
| ISBN: | 7-5025-4159-4 | |
| 000 | 00572nam0 2200205 45 | |
| 001 | 0440528844 | |
| 005 | 2004042811152710 | |
| 010 | @a7-5025-4159-4@dCNY 24.00 | |
| 100 | @a20040428d2003 km y0chiy0120 ea | |
| 101 | 0 | @achi |
| 102 | @aCN@b110000 | |
| 200 | 1 | @a生物超分子体系@ASheng Wu Chao Fen Zi Ti Xi@f李惟等编著@Fli wei deng bian zhu |
| 210 | @a北京@c化学工业出版社@d2003.01 | |
| 215 | @a252页@d20cm | |
| 606 | 0 | @a高聚物@x生物结构 |
| 606 | 0 | @a高聚物@x生物@x功能 |
| 690 | @aQ71@v3 | |
| 701 | 0 | @a李惟@Ali wei@4编著 |
| 801 | 0 | @aCN@bPFT@c20040428 |
| 905 | @dQ71@eL283 | |
| 生物超分子体系/李惟等编著.-北京:化学工业出版社,2003.01 |
| 252页;20cm |
| ISBN 7-5025-4159-4:CNY 24.00 |
| ● |
| 相关链接 |
|
|
|
正题名:生物超分子体系
索取号:Q71/L283
 
预约/预借
| 序号 | 登录号 | 条形码 | 馆藏地/架位号 | 状态 | 备注 |
| 1 | 391421 | 203914210 | 自科库401/401自科库 31排1列3层/ [索取号:Q71/L283] | 在馆 | |
| 2 | 391422 | 203914229 | 自科库401/401自科库 31排1列3层/ [索取号:Q71/L283] | 在馆 | |
| 3 | 391423 | 203914238 | 自科库401/401自科库 31排1列3层/ [索取号:Q71/L283] | 在馆 |